000 01333cam a22003617a 4500
003 CHAP
005 20220329142730.0
008 030320d2002 mx a r 00110 spa d
010 _a86995
011 _a87967
035 _a98512
040 _cCHAP
090 _aTesis
100 0 0 _aMayorga Abreu, Miguel Alberto.
_973272
245 1 0 _aCaracterización y germinación de semillas de dalia (Dahlia imperialis Roezl x Orties) bajo diferentes condiciones de luz
_c/por Miguel Alberto Mayorga Abreu
260 _aChapingo, Méx. :
_bEl autor,
_c2002.
300 _a55 h. ;
_bilus. ; gráfs.
502 _aTesis (Ing. Agr. Esp. en Fitotecnia) -- UACH. Departamento de Fitotecnia
590 _aALEPH
_b10
_c20130110
_lUCH01
_h1452
590 _aBATCH-UPD
_b10
_c20130110
_lUCH01
_h0228
590 _aBATCH-UPD
_b10
_c20130110
_lUCH01
_h1750
590 _aBATCH-UPD
_b10
_c20130410
_lUCH01
_h1128
590 _aBATCH-UPD
_b10
_c20130914
_lUCH01
_h1135
590 _aCONVERSION
_b10
_c20130109
_lUCH01
_h1348
650 1 4 _aDalia
_xGerminación.
_930947
650 1 4 _aFlores
_xSemilla.
_941408
650 1 4 _aLuz
_xEfecto en semillas.
_969243
901 _aBK
905 _aMayto Villalobos S.
942 _cFOLL
949 _aTesis
_bBC
_cTES
_d33724000887493
_eTS2
_fc.2
_h40574
_i98512
_si
949 _aTesis
_bBC
_cTES
_d98512123
_eTS1
_h40573
_i98512
_sb
999 _c86995
_d86995